[Event "Open13 2007/2008"]
[Site "?"]
[Date "2008.02.02"]
[Round "6"]
[White "Nakache, Jonathan"]
[Black "Baquer, Marc"]
[Result "1/2-1/2"]
[WhiteElo "1940"]
[BlackElo "1890"]
[PlyCount "133"]

1. Nf3 Nf6 2. g3 g6 3. Bg2 Bg7 4. O-O d6 5. d4 O-O 6. c4 Nc6 7. Nc3 a6 8. e4 e5
9. d5 Na5 10. Qd3 c5 11. Nd2 Rb8 12. b3 Bd7 13. a4 b5 14. Rb1 Bh6 15. cxb5 axb5
16. axb5 Bxd2 17. Bxd2 Qb6 18. Rfc1 Bxb5 19. Nxb5 Qxb5 20. Qxb5 Rxb5 21. Bxa5
Rxa5 22. b4 cxb4 23. Rxb4 Rfa8 24. h3 Kf8 25. Kf1 Ra2 26. Rbc4 Nd7 27. Rc6 Ra1
28. Rxa1 Rxa1+ 29. Ke2 Ke7 30. h4 Nc5 31. f4 Ra2+ 32. Kf1 exf4 33. gxf4 Nd3 34.
Rc7+ Ke8 35. f5 gxf5 36. exf5 Rf2+ 37. Kg1 Rxf5 38. Be4 Rh5 39. Bxd3 Rxh4 40.
Rc4 Rh5 41. Rd4 Ke7 42. Kf2 Kf6 43. Be2 Rh2+ 44. Ke3 Ke5 45. Bf3 f5 46. Rd2 Rh3
47. Rg2 Rh6 48. Rg5 Rg6 49. Rxg6 hxg6 50. Bg2 g5 51. Kf2 Kf4 52. Bf1 Ke4 53.
Bg2+ Kf4 54. Bf1 g4 55. Be2 Kg5 56. Kg2 f4 57. Bd3 Kf6 58. Bb5 Kg5 59. Bd3 Kh4
60. Be4 Kg5 61. Bd3 Kf6 62. Bb5 Ke5 63. Bd7 Kxd5 64. Bxg4 Ke4 65. Bf3+ Ke5 66.
Bc6 d5 67. Kf3 1/2-1/2

[Event "Open13 2007/2008"]
[Site "Meyreuil"]
[Date "2008.02.02"]
[Round "6"]
[White "Cortes, Antoine"]
[Black "Busson, Benoist"]
[Result "1-0"]
[WhiteElo "2160"]
[BlackElo "2046"]
[PlyCount "37"]

1. e4 e5 2. Bc4 Nf6 3. d3 Nc6 4. Nf3 Be7 5. O-O O-O 6. Re1 d6 7. c3 Kh8 8. Bb3
Bg4 9. h3 Bh5 10. Nbd2 Ng8 11. g4 Bg6 12. Nf1 h5 13. Ng3 hxg4 14. hxg4 Nh6 15.
Kg2 Nxg4 16. Rh1+ Kg8 17. Nh4 Ne3+ 18. Bxe3 Bxh4 19. Qg4 1-0

[Event "Open13 2007/2008"]
[Site "Meyreuil"]
[Date "2008.02.02"]
[Round "6"]
[White "Brot, Fabrice"]
[Black "Montanelli, Tristan"]
[Result "1-0"]
[WhiteElo "1710"]
[BlackElo "1800"]
[PlyCount "57"]

1. f4 e5 2. fxe5 Nc6 3. Nf3 g5 4. d3 g4 5. Nfd2 Nxe5 6. g3 d5 7. Nc3 Be6 8. Bg2
Qd7 9. Nb3 O-O-O 10. Nd4 Bh6 11. Bxh6 Nxh6 12. Nxe6 fxe6 13. Qd2 Nf5 14. O-O-O
c6 15. Rdf1 Rhf8 16. Nd1 Ng6 17. Ne3 Nh6 18. Nxd5 exd5 19. Qxh6 Rfe8 20. e4 Re6
21. exd5 cxd5 22. Re1 Ne5 23. Qf4 Qe7 24. Qd2 Nf3 25. Rxe6 Qxe6 26. Bxf3 gxf3
27. Qf2 Qa6 28. a3 Rf8 29. Qc5+ 1-0

[Event "Open13 2007/2008"]
[Site "Meyreuil"]
[Date "2008.02.02"]
[Round "6"]
[White "Crapon, Laurent"]
[Black "Thiers, Jean-Jacques"]
[Result "1-0"]
[WhiteElo "1800"]
[BlackElo "1870"]
[PlyCount "23"]

1. d4 d5 2. c4 e6 3. Nc3 Nf6 4. Bg5 h6 5. Bxf6 Qxf6 6. cxd5 Bb4 7. Qa4+ Nc6 8.
dxc6 Qxd4 9. cxb7+ Ke7 10. bxc8=N+ Raxc8 11. Qc2 Rhd8 12. Nf3 1-0

[Event "Open13 2007/2008"]
[Site "Meyreuil"]
[Date "2008.02.02"]
[Round "6"]
[White "Pierrugues, Laurent"]
[Black "Chauvet, Jean-Marc"]
[Result "1/2-1/2"]
[WhiteElo "1860"]
[BlackElo "2010"]
[PlyCount "52"]

1. e4 e6 2. d4 d5 3. e5 c5 4. c3 Qb6 5. Nf3 Nc6 6. Be2 cxd4 7. cxd4 Nh6 8. b3
Bb4+ 9. Kf1 Nf5 10. Bb2 Bd7 11. a3 Be7 12. b4 Rc8 13. Nc3 Nb8 14. Rc1 h5 15. h4
Qd8 16. g3 Rg8 17. Ng5 Bxg5 18. hxg5 Qxg5 19. Rxh5 Qd8 20. Qd2 Qb6 21. Na2
Rxc1+ 22. Nxc1 Bb5 23. g4 Bxe2+ 24. Nxe2 Ne7 25. Qd3 Nd7 26. Nc3 a6 1/2-1/2

[Event "Open13 2007/2008"]
[Site "Meyreuil"]
[Date "2008.02.02"]
[Round "6"]
[White "Alard, Francis"]
[Black "Corrias, Robert"]
[Result "1/2-1/2"]
[WhiteElo "1660"]
[BlackElo "1850"]
[PlyCount "111"]

1. e4 Nc6 2. Nf3 e5 3. Bb5 a6 4. Ba4 Nf6 5. O-O b5 6. Bb3 Be7 7. Re1 O-O 8. c3
d6 9. h3 Bd7 10. d4 Rb8 11. Nbd2 Qc8 12. Nf1 a5 13. a3 Qb7 14. Bg5 b4 15. axb4
axb4 16. c4 Ra8 17. Rxa8 Rxa8 18. Bxf6 Bxf6 19. dxe5 Nxe5 20. Nxe5 Bxe5 21. c5
Qc8 22. cxd6 cxd6 23. Ne3 Be6 24. Bd5 Rb8 25. b3 g6 26. Bxe6 Qxe6 27. Qd5 Rd8
28. Rd1 Kg7 29. Nc4 Re8 30. f3 Qxd5 31. Rxd5 Re6 32. Nxe5 dxe5 33. Rb5 f5 34.
Rxb4 Kf6 35. Rc4 f4 36. Rc1 h5 37. b4 Rb6 38. Rb1 Rb5 39. Kf2 g5 40. Ke2 Ke6
41. Kd3 g4 42. hxg4 hxg4 43. Kc4 Rb8 44. Rh1 Rc8+ 45. Kb3 g3 46. b5 Kd7 47. Kb4
Rc2 48. Rg1 Kc7 49. Kb3 Rc5 50. Ka4 Kb6 51. Rd1 Rc4+ 52. Kb3 Kxb5 53. Rd5+ Rc5
54. Rd2 Kc6 55. Kb2 Kc7 56. Kb3 1/2-1/2

[Event "Open13 2007/2008"]
[Site "CDJE13"]
[Date "2008.03.01"]
[Round "7"]
[White "Cortes, Antoine"]
[Black "Kolb, Sebastien"]
[Result "1-0"]
[WhiteElo "2151"]
[BlackElo "2176"]
[PlyCount "55"]

1. e4 c5 2. Nc3 e6 3. Nge2 Nc6 4. d4 cxd4 5. Nxd4 Nf6 6. Be2 Bb4 7. O-O Bxc3 8.
bxc3 Nxe4 9. Qd3 d5 10. Ba3 a6 11. Nxc6 bxc6 12. Qd4 f6 13. Bd3 Kf7 14. Bxe4
dxe4 15. Qxe4 Qd5 16. Qb4 c5 17. Qxc5 Qxc5 18. Bxc5 Bb7 19. Rfd1 Be4 20. Rd7+
Kg6 21. Re1 Rhd8 22. Rd4 Bf5 23. g4 Rxd4 $4 24. gxf5+ Kxf5 25. cxd4 Rb8 26. a3
Rb2 27. Rc1 e5 28. c4 1-0

[Event "Open13 2007/2008"]
[Site "CDJE13"]
[Date "2008.03.01"]
[Round "7"]
[White "Battaglia, Gerard"]
[Black "Colandrea, Sauveur"]
[Result "1-0"]
[WhiteElo "1806"]
[BlackElo "1907"]
[PlyCount "63"]

1. d4 d6 2. c4 Nf6 3. Nc3 Nbd7 4. e4 e5 5. d5 Nc5 6. Bg5 a5 7. Nge2 Be7 8. Ng3
h6 9. Be3 b6 10. Be2 O-O 11. Qd2 Ng4 12. Bxg4 Bxg4 13. h3 Bd7 14. Nf5 Bxf5 15.
exf5 Nd7 16. g4 Bg5 17. Ne4 Bxe3 18. Qxe3 Nc5 19. h4 f6 20. Nc3 Kf7 21. O-O-O
Qe7 22. Nb5 e4 23. Rhe1 Qe5 24. Nxc7 Rac8 25. Ne6 Na4 $4 (25... Nd3+ 26. Rxd3
exd3 27. Qxe5 fxe5 28. Re4 $16) 26. Nd4 $2 (26. Rd4 {menace 27.f4} Rxc4+ (26...
Nc5 27. f4 exf3 28. Qf2 Nd3+ 29. Rxd3 Rxc4+ 30. Kb1 $18) 27. Rxc4 Qxb2+ 28. Kd1
Nc5 (28... Re8 29. Qc1 Qxc1+ 30. Kxc1 Nc5 31. Nxc5 $18) 29. Nxf8 Qxa2 30. Rc2
Qxd5+ 31. Rd2 $18) 26... Rxc4+ $14 27. Kb1 Rb4 28. Rd2 $2 (28. Re2 Rc8 $15)
28... Rc8 (28... Nxb2 29. Rxb2 Rxd4 30. Rxb6 Qxd5 $17) 29. a3 $2 (29. f4 exf3
30. a3 Rbc4 31. Qf2 Qxd5 32. Nxf3 Qc5 33. Nd4 Rc1+ 34. Rxc1 Qxc1+ 35. Ka2 Qc4+
36. Kb1 $11) 29... Rc3 $11 (29... Nc3+ 30. Ka1 Nxd5 31. Nf3 Nxe3 32. Nxe5+ dxe5
33. Rxe3 Rc1+ 34. Ka2 Rbc4 $17) 30. Nc6 Rc1+ $4 (30... Rxb2+ 31. Rxb2 Rxc6 32.
Qb3 Nc3+ 33. Ka1 Rc5 $15) 31. Kxc1 Rc4+ 32. Kb1 $18 1-0

[Event "Open13 2007/2008"]
[Site "CDJE13"]
[Date "2008.03.01"]
[Round "7"]
[White "Anton, Jose"]
[Black "Larribere, Hadrien"]
[Result "1/2-1/2"]
[WhiteElo "2004"]
[BlackElo "1872"]
[PlyCount "129"]

1. e4 c5 2. d4 cxd4 3. c3 dxc3 4. Nxc3 Nc6 5. Nf3 d6 6. Bc4 e6 7. O-O Nf6 8.
Qe2 Be7 9. Rd1 Qc7 10. Bf4 a6 11. e5 dxe5 12. Nxe5 Nxe5 $14 13. Bxe5 Qc6 14.
Nb5 O-O 15. Nc7 Ra7 16. Rac1 Qe4 17. Bd4 Qxe2 18. Bxe2 b6 19. Bxb6 Rb7 20. Bd4
a5 21. Be5 Nd7 22. Bd4 Bg5 23. Rc2 e5 24. Be3 Bxe3 25. fxe3 Nf6 26. Nd5 Be6 27.
Nxf6+ gxf6 28. b3 Rb4 29. Bc4 Bxc4 30. Rxc4 Rxc4 31. bxc4 Rc8 32. Rc1 Kf8 33.
Kf2 Ke7 34. Ke2 e4 35. Rc3 Kd6 36. Kd2 Rc5 37. Rc2 Rh5 38. h3 Kc5 39. Kc3 $16
Rg5 40. Rb2 Kc6 41. Kd4 f5 42. Rb5 Rxg2 43. Rxa5 Rf2 44. a4 f4 $6 45. Kxe4 fxe3
(45... f5+ $5 46. Rxf5 fxe3 47. Re5 e2 48. Kd4 Rh2 $14) 46. Kxe3 Ra2 47. Kd4 h5
$6 (47... Rd2+ 48. Kc3 Ra2 49. Kb3 Ra1 50. Rh5 Rb1+ $16) 48. h4 $18 Rd2+ 49.
Kc3 Ra2 50. Kb3 Ra1 51. Rxh5 Rf1 52. Kb4 f5 53. Rh6+ Kb7 54. Kc5 f4 55. Rf6 f3
56. h5 Rh1 57. Rxf3 Rxh5+ {#  Nous voici arrivé dans une position théorique où
les Noirs peuvent faire nulle s'ils jouent de façon précise} 58. Kb4 Kb6 59.
Rf6+ Kb7 60. c5 (60. a5 $5 {est plus délicat pour les Noirs} Rh1 61. Rb6+ Kc7
62. Kb5 Rb1+ 63. Kc5 Rh1 (63... Ra1 64. Rc6+ Kb7 65. a6+ Ka7 66. Kd6 Rd1+ 67.
Kc7 Rh1 68. c5 Rh7+ 69. Kd6 Rh1 70. Rb6 Rh6+ 71. Kc7 Rh4 72. Kc6 Rh2 $11) 64.
Rc6+ Kb7 65. Re6 Ra1 66. a6+ Ka7 67. Rh6 Rg1 $11) 60... Rh1 61. Kb5 Rb1+ 62.
Ka5 Kc7 63. Rb6 Rc1 64. Rb5 Rc4 65. Ka6 (65. Ka6 Rxa4+ 66. Ra5 Rxa5+ 67. Kxa5
Kc6 $11) 1/2-1/2

[Event "Open13 2007/2008"]
[Site "CDJE13"]
[Date "2008.03.01"]
[Round "7"]
[White "Chauvet, Jean-Marc"]
[Black "Milesi, Laurent"]
[Result "0-1"]
[WhiteElo "2004"]
[BlackElo "2153"]
[PlyCount "80"]

1. e4 c5 2. Nf3 e6 3. c3 b6 4. d4 Bb7 5. Bd3 Nf6 6. Nbd2 (6. Qe2 $5 Be7 (6...
d5 7. e5 Nfd7 8. Bg5 $16) 7. O-O Nc6 $14) 6... d5 7. e5 Nfd7 8. Qe2 Nc6 9. O-O
Be7 10. Re1 (10. Ne1 $5 {menaçant 11.Qg4} cxd4 11. cxd4 Nb4 (11... Nxd4 $6 12.
Qg4 Nc6 13. Qxg7 Rf8 14. f4 $14) 12. Qg4 O-O 13. Ndf3 $14) 10... g5 {
un coup agressif, mais les Blancs n'ont rien à craindre} 11. dxc5 $6 ({
la prise en c5 n'est pas forcée :} 11. Rf1 {pour laisser une case au Nf3} g4
12. Ne1 cxd4 (12... h5 {est relativement meilleur} 13. Qe3 Qc7 14. Nc2 h4 $11 {
et les Blancs ont le choix de poursuivre à l'aile-dame par 15.a4 ou àl'aile-roi
par 15.f4}) 13. cxd4 Nxd4 14. Qxg4 Nc6 (14... Nf5 15. Nef3 h5 16. Qf4 $16) 15.
f4 $14 {et les blancs doivent maintenant choisir une bonne case pour le Nd2 :
en f3 ou en b3 suivant le jeu des Noirs. Sans compter la menace Qg7.}) 11...
bxc5 {les Blancs n'ont pas résolu le problème de la poussée noire en g4, le
Pe5 est affaibli et les Noirs occupent mieux le centre.} 12. Nf1 $17 (12. c4 g4
13. cxd5 Nb4 (13... gxf3 {
est compliqué, mais les pièges sont sur le terrain des Noirs} 14. Nxf3 exd5 15.
e6 $1 fxe6 16. Qxe6 Qb6 17. Bg5 O-O-O 18. Bxe7 Rde8 19. Qf7 Nxe7 20. Rxe7 Rxe7
21. Qxe7 Qxb2 22. Rb1 Qf6 $1 {le seul coup} (22... Qa3 23. Ne5 $1 {
et les Blancs sont archi-gagnants} Nb6 24. Nf7 $1 (24. Nc4 $3 dxc4 25. Bf5+ Kb8
26. Qe5+ Ka8 27. Qxh8+ Nc8 28. Be4 $18 {et le mat suit}) 24... Kb8 25. Qe5+ Ka8
26. Qxh8+ Nc8 27. Bf5 $18) 23. Qe2 Kb8 (23... c4 $2 24. Bf5 $1 Qxf5 25. Qb2 Rg8
26. Qxb7+ Kd8 27. Kh1 $18) 24. Ba6 $1 Nb6 25. Bxb7 Kxb7 26. Qb5 $11) 14. d6 Bf8
15. Bb5 gxf3 16. Nxf3 Rg8 17. Bf4 $15) 12... g4 $15 13. N3d2 c4 (13... Ndxe5
14. Bb5 Bd6 15. Nb3 Qb6 $17 {suivit de ...0-0-0}) 14. Bc2 Ndxe5 15. b3 $15 cxb3
(15... Ba6 16. bxc4 (16. b4 Bd6 $15) 16... Qa5 17. Ne3 O-O-O (17... Qxc3 18.
Rb1 Qa5 (18... O-O-O 19. Bb2 Qa5 20. Nxg4 Nxg4 21. Bxh8 Rxh8 22. Nb3 Qc3 23.
Qxg4 Bxc4 24. Qd1 Nb4 25. Be4 $1 dxe4 26. Rc1 Qd3 27. Na5 $16) 19. Bb2 Bf6 20.
Qd1 $14) 18. Rb1 h5 $15) (15... Qa5 16. b4 Qb6 17. a4 $15) 16. axb3 Bd6 $11 17.
b4 (17. Ba3 $5 {laisse les Noirs avec des faiblesses en cas d'échange des B}
Bxa3 (17... Bc7 $11) 18. Rxa3 $11) 17... d4 18. b5 $2 (18. Ne4 $1 d3 (18...
dxc3 $4 19. Rd1 $18) (18... f5 19. Nxd6+ Qxd6 20. Ba4 $18) 19. Qd2 (19. Nxd6+
Qxd6 20. Qd2 $14) 19... Be7 20. Ba4 $16) 18... d3 19. Bxd3 Nxd3 20. bxc6 (20.
Qxd3 $4 Bxh2+ $19 {gagne la Q blanche}) 20... Bxc6 21. Rd1 Nf4 22. Qa6 $1 $14 (
22. Qxg4 {sacrifie temporairement la Q :} Kf8 23. Nc4 Rg8 24. Qxg8+ Kxg8 25.
Bxf4 Bxf4 26. Rxd8+ Rxd8 27. Rxa7 $11) 22... Qc8 23. Ne4 $2 $17 (23. Nc4 {
la bonne case pour le N blanc} Ne2+ 24. Kh1 Bc5 25. Nd6+ Bxd6 26. Qxe2 $14 {
et malgré le P de moins, la position des Blancs n'est pas inférieure grâce à
leur meilleure coordination de leurs pièces. Les Blancs peuvent même récupérer
le Pg4 dans plusieurs variantes.}) 23... Bxe4 24. Qxd6 $4 $19 {
l'erreur décisive, dans une position plus difficile pour les Blancs} (24. Ng3
$1 {couvre la case e2 et assure la récupération d'une pièce} Qxa6 25. Rxa6 Bb4
26. Nxe4 Ne2+ 27. Kf1 Nxc3 28. Nxc3 Bxc3 29. Be3 $17 {les Blancs vont
récupérer un P (sur les 2 perdus) grace à leur meilleure activité et peuvent
espérer annuler}) (24. Rxd6 {est  moins bon, mais jouable} Qxa6 25. Rdxa6 Ne2+
26. Kh1 Nxc1 27. Rxc1 Bb7 28. Ra4 $17 {avec une position où les Blancs ont de
l'activité en compensation pour le P de moins}) 24... Ne2+ {maintenant la
partie est perdue pour les Blancs et les Noirs ne vont rien lâcher} 25. Kh1
Bxg2+ $1 26. Kxg2 Qb7+ {la justication su sacrifice du B en g2} 27. Rd5 {forcé}
Qxd5+ 28. Qxd5 exd5 29. Bh6 Kd7 30. Ne3 Nxc3 31. Bg7 Rhc8 32. Bxc3 Rxc3 33.
Nxd5 Rf3 34. Nb6+ {
récupérant la qualité, mais la finale de R est perdante pour les Blancs} axb6
35. Rxa8 Kc6 36. Rg8 (36. Rc8+ Kd5 37. Rh8 Rh3 38. Rf8 Ke6 39. Rb8 Rb3 40. Rg8
h5 41. Rg5 f5 42. Rxh5 Rh3 43. Rg5 b5 44. Rg6+ Kd5 45. Rb6 Kc5 $19 {et les Noir
s gagnent car le Pb5 est inarrétable par la R blanche seule, le K Blanc étant
condamné à soutenir le Pf2 et le Ph2}) 36... f5 37. Rh8 b5 38. Rxh7 b4 39. Rh8
Rh3 40. Rc8+ Kd5 0-1

[Event "Open13 2007/2008"]
[Site "CDJE13"]
[Date "2008.03.01"]
[Round "7"]
[White "Busson, Benoist"]
[Black "Brot, Fabrice"]
[Result "1-0"]
[WhiteElo "2046"]
[BlackElo "1710"]
[PlyCount "31"]

1. e4 c6 2. d4 d5 3. f3 e6 4. Nc3 Bb4 5. a3 Bxc3+ 6. bxc3 dxe4 7. Qe2 exf3 8.
Nxf3 Nf6 9. Qe3 Nd5 10. Qe5 Qf6 11. Qd6 Nxc3 12. Bd3 Nb5 13. Bxb5 cxb5 14. Bg5
Qxg5 15. Nxg5 Nc6 16. O-O 1-0

[Event "Open13 2007/2008"]
[Site "CDJE13"]
[Date "2008.03.01"]
[Round "7"]
[White "Girard, Jean-Pierre"]
[Black "Pierrugues, Laurent"]
[Result "1-0"]
[WhiteElo "1992"]
[BlackElo "1860"]
[PlyCount "141"]

1. e4 e6 2. d4 d5 3. Nd2 Nf6 4. e5 Nfd7 5. Bd3 c5 6. c3 Nc6 7. Ne2 a5 8. Nf3
cxd4 9. cxd4 a4 10. O-O Nb6 11. Bg5 Be7 12. Bxe7 Nxe7 13. Rc1 Bd7 14. Ng3 g6
15. Qd2 Nc6 16. h4 h5 17. Ne2 Qe7 18. Rc5 $6 Nxd4 19. Qb4 Nxf3+ 20. gxf3 Qd8
21. Rfc1 O-O 22. Qf4 Kg7 23. Qg3 Rh8 $6 (23... Rc8 $14) 24. Nf4 Rh6 $6 25. Ne2
Nc4 26. Bxc4 dxc4 27. R1xc4 Bc6 28. Nd4 Bd5 29. Rb4 Bxa2 30. Qf4 Bd5 31. Nb5
Bc6 $2 (31... g5 $5 32. hxg5 Rg6 $15) 32. Nd6 $1 $18 Qe7 33. Rxc6 $1 bxc6 34.
Rb7 Qxb7 35. Nxb7 a3 36. bxa3 Rxa3 37. Nd6 (37. Qf6+) 37... Ra7 38. Qc4 (38.
Qf6+ Kg8 (38... Kf8 39. Qd8+ Kg7 40. Ne8+ Kh7 41. Nf6+ Kg7 42. Qg8#) 39. Qd8+
Kh7 40. Qf8 $18 {
et les menaces Nxf7 ou Ne8 (ou exf6 si le Pf noir bouge) sont imparables.})
38... Rh8 39. Qxc6 Rd8 40. Ne8+ Kh8 41. Nf6 Rda8 42. Kg2 Ra5 43. Qc1 Kg7 44.
Qg5 Kf8 45. Ne4 Ra4 46. Qf6 Kg8 47. Kg3 R4a7 48. Qg5 Kg7 49. Qf6+ Kg8 50. Kf4
Rb8 51. Kg5 Kh7 52. Ng3 Rg8 53. Ne4 Rf8 54. Qf4 Kg7 55. Nf6 Rh8 56. Qd4 Rha8
57. Nxh5+ $6 $16 gxh5 58. Kxh5 $4 $19 Ra4 $1 59. Qd1 Rh8+ 60. Kg5 Rhxh4 61. Qd2
Rh6 62. f4 Ra3 $4 (62... Rg6+ 63. Kh4 Ra1 64. Qd3 Rh1+ 65. Qh3 Rh6+ $19 {
rideau!}) 63. f5 $1 $14 exf5 64. Kxf5 (64. f4 $16) 64... Rh5+ $11 65. Ke4 Ra4+
66. Kd5 f6 67. f4 fxe5 68. fxe5 Ra8 69. Qg2+ Kh6 70. Ke6 Re8+ $4 (70... Ra6+
71. Kd5 Ra5+ $11) 71. Kf7 1-0

[Event "Open13 2007/2008"]
[Site "CDJE13"]
[Date "2008.03.01"]
[Round "7"]
[White "Gomez, Guy"]
[Black "Nakache, Jonathan"]
[Result "0-1"]
[WhiteElo "1650"]
[BlackElo "1940"]
[PlyCount "25"]

1. e4 c5 2. Nf3 Nc6 3. Bc4 e6 4. a3 d5 5. exd5 exd5 6. Ba2 Nf6 7. d3 Bg4 8. Be3
Bd6 9. Qe2 O-O 10. O-O Re8 11. Nbd2 d4 12. Bxf7+ Kxf7 13. Ng5+ 0-1

[Event "Open13 2007/2008"]
[Site "CDJE13"]
[Date "2008.03.01"]
[Round "7"]
[White "Reymond, Jean-Francois"]
[Black "Crapon, Laurent"]
[Result "0-1"]
[WhiteElo "1690"]
[BlackElo "1810"]
[PlyCount "76"]

1. c4 e5 2. Nc3 Nf6 3. g3 Bc5 4. Bg2 Nc6 5. e3 d6 6. h3 O-O 7. Nge2 Be6 8. Nd5
Rb8 9. a3 Re8 10. Nec3 a6 11. O-O Bxd5 12. Nxd5 Nxd5 13. Bxd5 Ne7 14. Bg2 Ng6
15. d4 exd4 16. exd4 Ba7 17. b4 Qf6 18. Bb2 Qe6 19. d5 Qe2 20. Qb3 Ne5 21. Rad1
$2 Qxc4 22. Qxc4 Nxc4 23. Bc1 Re2 24. Bf3 Ra2 25. Rd3 Ne5 26. Rc3 Nxf3+ 27.
Rxf3 Re8 28. Be3 Rxa3 29. Kg2 Bxe3 30. fxe3 f6 31. Re1 Ra2+ 32. Rf2 Rxf2+ 33.
Kxf2 Re4 34. Rb1 Kf7 35. Kf3 Rc4 36. Rb3 f5 37. h4 Kf6 38. Rb2 Ke5 0-1

[Event "Open13 2007/2008"]
[Site "CDJE13"]
[Date "2008.03.01"]
[Round "7"]
[White "Parroco, Pierre-Jean"]
[Black "Estevez, Ange"]
[Result "0-1"]
[WhiteElo "1765"]
[BlackElo "1632"]
[PlyCount "92"]

1. e4 d5 2. exd5 Nf6 3. Bb5+ Bd7 4. Bc4 c6 5. dxc6 Bxc6 6. Nf3 e6 7. c3 Bd6 8.
d4 h6 9. O-O O-O 10. Re1 Qc7 11. h3 Bxf3 12. Qxf3 Qxc4 13. Qxb7 Qc6 14. Qxc6
Nxc6 15. Nd2 Rfe8 16. Nc4 Bc7 17. b4 Nd5 18. Bb2 Nce7 19. a3 Rac8 20. Rac1 Bf4
21. Ne3 Nb6 22. g3 Bxe3 23. fxe3 Nc4 24. Re2 Nf5 25. Kf2 Nfxe3 26. Rxe3 Nxb2
27. a4 Nxa4 28. c4 Nb6 29. c5 Nd5 30. Rb3 Re7 31. Ra1 Rb8 32. b5 Reb7 33. Rab1
Nc7 34. b6 axb6 35. Rxb6 Rxb6 36. Rxb6 Rxb6 37. cxb6 Na6 38. Ke2 Kf8 39. Kd3
Ke7 40. Kc4 Kd7 41. Kb5 Nb8 42. Kc5 Kc8 43. Kd6 Kb7 44. Ke7 Nc6+ 45. Kxf7 Nxd4
46. Kg6 e5 0-1

[Event "Open13 2007/2008"]
[Site "CDJE13"]
[Date "2008.03.01"]
[Round "7"]
[White "Corrias, Robert"]
[Black "Thiers, Jean-Jacques"]
[Result "0-1"]
[WhiteElo "1820"]
[BlackElo "1870"]
[PlyCount "74"]

1. e4 e5 2. Nf3 Nc6 3. d4 exd4 4. c3 dxc3 5. Nxc3 d6 6. Bc4 Be7 7. Qb3 Be6 8.
Bxe6 fxe6 9. Qxe6 Qd7 10. Qxd7+ Kxd7 11. O-O Re8 12. Rd1 Kc8 13. a3 Nf6 14. b4
Nd7 15. Be3 Bf6 16. Bd4 Nde5 17. Nxe5 Nxd4 18. Rxd4 Bxe5 19. Rc4 Bxc3 (19... b5
$1 20. Nxb5 Bxa1 21. Nxd6+ Kd7 22. Nxe8 Rxe8 $19) 20. Rxc3 Rxe4 21. Rac1 Re7
22. a4 Rhe8 23. Kf1 h6 24. g3 Rf8 25. R1c2 Rf5 26. Kg2 Rfe5 27. Rc4 Re4 28. f4
Re2+ 29. Rxe2 Rxe2+ 30. Kh3 Kd7 31. f5 c6 32. a5 Ke7 33. Rd4 d5 34. g4 Kf6 35.
Kg3 Ke5 36. Rf4 Rxh2 $2 (36... Re3+ $1 37. Rf3 Ke4 38. Rxe3+ Kxe3 39. h4 Ke4 $1
$19) 37. Kxh2 $4 (37. f6 $1 gxf6 38. Rf5+ Kd4 39. Kxh2 $18) 37... Kxf4 0-1

[Event "Open13 2007/2008"]
[Site "CDJE13"]
[Date "2008.03.01"]
[Round "7"]
[White "Montanelli, Tristan"]
[Black "Alard, Francis"]
[Result "1/2-1/2"]
[WhiteElo "1800"]
[BlackElo "1690"]
[PlyCount "189"]

1. g4 d5 2. h3 c6 3. Bg2 g6 4. d4 Bg7 5. Bf4 Nd7 6. Nf3 Ngf6 7. Nbd2 O-O 8. O-O
Nb6 9. b3 Ne8 10. e3 Nc7 11. c4 Ne6 12. Bg3 Bd7 13. Ne5 f6 14. Nxd7 Qxd7 15. c5
Nc8 16. Nf3 a6 17. Qc2 Nd8 18. Rae1 e6 19. g5 Nf7 20. h4 f5 21. Be5 Nxe5 22.
Nxe5 Bxe5 23. dxe5 Qc7 24. f4 Ne7 25. Rd1 Rad8 26. Rd4 Kg7 27. h5 Rc8 28. h6+
Kh8 29. Rfd1 Qb8 30. Ra4 Qc7 31. Qd2 Ra8 32. Rd4 Kg8 33. b4 Rfb8 34. e4 Kf7 35.
exd5 cxd5 36. Qc3 Rc8 37. Qb2 Rd8 38. a3 Kg8 39. Rc1 Rac8 40. Bf1 Qb8 41. a4
Qa7 42. Kh2 Rc7 43. a5 Rdc8 44. Rd2 Kf7 45. Bd3 Kg8 46. Bb1 Rc6 47. Ba2 Rd8 48.
Bb3 Rc7 49. Rcd1 Rcd7 50. Ba4 Rc7 51. Rc2 Qb8 52. Rdc1 Qa7 53. Rc3 Rdc8 54.
R1c2 Kf7 55. Rd2 Rd8 56. b5 axb5 57. Qxb5 Qa6 58. Qxa6 bxa6 59. Rb2 Rdc8 60.
Rbc2 Nc6 61. Kg3 Nxa5 62. c6 Rb8 63. Ra2 Nc4 64. Bb3 Rxc6 65. Ba4 Rcb6 66. Rac2
Rb4 67. Ra2 Rb2 68. Ra1 a5 69. Bc2 R2b7 70. Ba4 Ke7 71. Rac1 Rb4 72. Ra1 R8b6
73. Bc2 Kd7 74. Kf2 Kc7 75. Rxa5 Kb7 76. Rc5 R6b5 77. Rxb5+ Rxb5 78. Bd1 Rb2+
79. Kg3 Rb4 80. Bf3 Kb6 81. Be2 Nd2 82. Bd3 Rb3 83. Rxb3+ Nxb3 84. Kf2 Nc5 85.
Bf1 Nd7 86. Ke3 Kc5 87. Ba6 Nf8 88. Bc8 Kc4 89. Ba6+ Kc3 90. Bb5 Kb4 91. Bc6
Kc5 92. Ba4 Kb6 93. Kd4 Kc7 94. Be8 Kb6 95. Ba4 1/2-1/2

[Event "Open13 2007/2008"]
[Site "CDJE13"]
[Date "2008.03.08"]
[Round "8"]
[White "Kolb, Sebastien"]
[Black "Battaglia, Gerard"]
[Result "1-0"]
[WhiteElo "2176"]
[BlackElo "1806"]
[PlyCount "127"]

1. e4 e6 2. d4 d5 3. Nd2 c5 4. exd5 Qxd5 5. Ngf3 cxd4 6. Bc4 Qc5 7. O-O Nc6 8.
Qe2 Nf6 9. Nb3 Qb6 10. Rd1 Bc5 11. Nxc5 Qxc5 12. Bb5 O-O 13. Bxc6 bxc6 14. Nxd4
Qb6 15. Bg5 Nd5 16. c4 Nc7 17. Rd3 e5 18. Be7 exd4 19. Bxf8 Kxf8 20. Qh5 c5 21.
Rf3 Be6 22. Qxh7 Ne8 23. b3 Rd8 24. Re1 Nf6 25. Qh8+ Ng8 26. Qh4 Rd7 27. Qe4
Nf6 28. Qh4 d3 29. Qh8+ Ng8 30. Rg3 f6 31. Qh7 d2 32. Rd1 Qd8 33. Qh5 f5 34.
Qe2 Rd6 35. Rc3 Nf6 36. Rc2 Bf7 37. Rcxd2 Rxd2 38. Qxd2 Qxd2 39. Rxd2 Ke7 40.
f3 a5 41. Kf2 g5 42. g3 g4 43. Re2+ Kd6 44. fxg4 fxg4 45. Ke3 Be6 46. Kf4 Nd7
47. Rd2+ Ke7 48. Rd1 Kf6 49. Rd6 Ne5 50. Ra6 Nf3 51. Rxa5 Nxh2 52. Rxc5 Nf3 53.
Rc6 Nd4 54. Rxe6+ Kxe6 55. Kxg4 Nc2 56. Kf4 Nb4 57. a3 Nd3+ 58. Ke3 Ne5 59. Kd4
Nc6+ 60. Kc5 Ne7 61. a4 Kd7 62. b4 Kc7 63. a5 Nc6 64. g4 1-0

[Event "Open13 2007/2008"]
[Site "CDJE13"]
[Date "2008.03.08"]
[Round "8"]
[White "Anton, Jose"]
[Black "Cortes, Antoine"]
[Result "0-1"]
[WhiteElo "2004"]
[BlackElo "2151"]
[PlyCount "64"]

1. e4 d6 2. d4 Nf6 3. Nc3 g6 4. Be3 c6 5. Qd2 Qa5 6. Bd3 Nbd7 7. Nf3 Ng4 8. Bg5
h6 9. Bh4 Bg7 10. h3 Ngf6 11. O-O-O O-O 12. g4 b5 13. Kb1 b4 14. Ne2 d5 15. e5
Ne4 16. Qe3 Nb6 17. Bxe4 dxe4 18. Qxe4 Nd5 19. Nd2 Qb5 20. f4 e6 21. Bf2 Bb7
22. Nb3 a5 23. Nc5 a4 24. Qd3 Qb6 25. Nd7 Qa5 26. Nxf8 Ba6 27. Qd2 a3 28. Nc1
axb2 29. Kxb2 Qa3+ 30. Ka1 Nc3 31. Qe3 Bc4 32. Rd3 Qxa2+ 0-1

[Event "Open13 2007/2008"]
[Site "CDJE13"]
[Date "2008.03.08"]
[Round "8"]
[White "Milesi, Laurent"]
[Black "Colandrea, Sauveur"]
[Result "1-0"]
[WhiteElo "2153"]
[BlackElo "1907"]
[PlyCount "35"]

1. e4 d6 2. d4 Nf6 3. Nc3 Nbd7 4. f4 e5 5. Nf3 exd4 6. Qxd4 c6 7. Be3 d5 8.
exd5 Bc5 9. Qd3 Qe7 10. Nd4 Nb6 11. dxc6 Ng4 12. cxb7 Qxb7 13. Qe4+ Be7 14.
Bb5+ Kf8 15. Bc6 Qa6 16. O-O-O Nf6 {#} 17. Qxe7+ $1 Kxe7 18. Nf5+ (18. Nf5+
Bxf5 (18... Ke6 19. Nxg7+ Ke7 20. Bc5#) 19. Bc5+ Ke6 20. Rd6+ Ke7 21. Rd5+ Ke6
22. Re5#) 1-0